Movies Quiz

Random Movies or Oscar Quiz
Score 0/71 Timer 12:00
0 Plays Today
% Correct
Heath Ledger
87.8%
Heath Ledger
87.5%
Christian Bale
87.2%
Morgan Freeman
87.2%
Uma Thurman
86.9%
Nicole Kidman
85.4%
Morgan Freeman
83.9%
George Clooney
83.6%
Jack Nicholson
83.3%
George Clooney
83.3%
George Clooney
83.3%
George Clooney
83.3%
Jack Nicholson
83%
Gary Oldman
83%
George Clooney
82.7%
Jack Nicholson
82.4%
Jack Nicholson
82.4%
Morgan Freeman
82.1%
Anne Hathaway
82.1%
Kim Basinger
81.2%
Christopher Walken
81.2%
Christopher Walken
81.2%
George Clooney
81.2%
Marion Cotillard
80.3%
Nicole Kidman
79.4%
George Clooney
79.1%
Ken Watanabe
77.9%
Maggie Gyllenhaal
77.6%
Michael Caine
77.3%
Morgan Freeman
77.3%
Jack Nicholson
77%
Tommy Lee Jones
77%
Nicole Kidman
77%
Michael Caine
76.7%
Jack Nicholson
76.4%
Tommy Lee Jones
74.3%
% Correct
Michael Caine
72.2%
Michelle Pfeiffer
71.6%
Jack Palance
70.7%
Jack Nicholson
70.4%
Jack Nicholson
70.4%
Jack Nicholson
66.9%
Jack Nicholson
66.6%
Michelle Pfeiffer
66.6%
Michael Caine
66.6%
Liam Neeson
66.6%
Jack Nicholson
66%
Tommy Lee Jones
65.4%
Burgess Meredith
64.5%
Tom Wilkinson
64.5%
Michael Caine
63.9%
Jack Nicholson
61.5%
Michael Caine
60.9%
Ben Affleck
59.4%
Jack Palance
58.5%
Tom Wilkinson
55.8%
Michelle Pfeiffer
54.6%
Morgan Freeman
54%
Ben Affleck
53.1%
Christian Bale
53.1%
Christian Bale
53.1%
Anne Hathaway (2012)
53.1%
Tommy Lee Jones
50%
Jack Palance
46%
Burgess Meredith
38.8%
Jeremy Irons
37.5%
Eric Roberts
35.5%
Danny Devito
31.9%
Tom Conti
28.9%
Tom Hardy
5.4%
Michael Keaton
1.5%
Remove Ads.
Support Sporcle.
Get the best of Sporcle when you Go Orange. This ad-free experience offers more features, more stats, and more fun while also helping to support Sporcle. Thank you for becoming a member.

You're not logged in!

Compare scores with friends on all Sporcle quizzes.
OR
Log In

Show Comments

Extras

Top Quizzes Today


Score Distribution

Your Account Isn't Verified!

In order to create a playlist on Sporcle, you need to verify the email address you used during registration. Go to your Sporcle Settings to finish the process.

Report this User

Report this user for behavior that violates our Community Guidelines.

Details: